00471nam a22001577a 450000500170000000800410001704000070005824500190006525000310008449000240011552001250013965000130026465000140027765000100029165000120030120250519140321.0250519b |||||||| |||| 00| 0 eng d cDO aGlobal culture aAugust 1999 Vol. 196 No. 2 aNational Geographic aGlobal Culture, A World Together, Tale of Three Cities, Vanishing Cultures, Italy's Endangered Art, The Power of Writing xDRAWINGS xCULTURES  xART'S xWRITING